| 000 | 01466namaa22003131i 4500 | ||
|---|---|---|---|
| 003 | EG-GICUC | ||
| 005 | 20260118145334.0 | ||
| 008 | 260118s19931994ua ||||jr|||| 000 0 ara d | ||
| 040 |
_aEG-GiCUC _bara _cEG-GiCUC _dEG-GiCUC _erda |
||
| 082 | 0 | 4 |
_221 _a929.1 _bM2359 |
| 092 | 0 | 4 |
_221 _a929.1 _bM2359 |
| 099 | _a929.1 M2359 1993-1994 | ||
| 100 | 1 |
_aابن ماكولا، علي بن هبة الله، _d1030-1082. _eمؤلف. |
|
| 245 | 1 | 2 |
_aالاكمال فى رفع الارتياب عن المؤتلف والمختلف فى الأسماء والكنى والأنساب / _cتأليف الأمير الحافظ ابن ماكولا ؛ اعتنى بتصحيحه والتعليق عليه الشيخ عبد الرحمن بن يحيى المعلمى اليمانى |
| 250 | _aالطبعة الثانية | ||
| 264 |
_aالقاهرة (مصر) : _bدار الكتاب الاسلامى، _c1993-1994 |
||
| 300 |
_a؛ 10 مجلدات _c24 سم |
||
| 336 |
_2rdacontent _atext |
||
| 337 |
_2rdamedia _aUnmediated |
||
| 338 |
_2rdacarrier _avolume |
||
| 504 | _aيشتمل على ارجاعات ببليوجرافية | ||
| 541 |
_aد. جابر عصفور ؛ _bالقاهرة ؛ _cإهداء ؛ _d2024. |
||
| 650 | 1 | 7 |
_aالانساب العربية _2qrmak |
| 650 | 1 | 7 |
_aالانساب، علم _2qrmak |
| 651 | 1 | _2qrmak | |
| 700 | 1 |
_aاليمانى، عبد الرحمن بن يحيى المعلمى _eمحقق. |
|
| 905 | _aHuda | ||
| 942 |
_2ddc _cBK _e21 _n0 |
||
| 999 |
_c177801 _d177801 |
||